000 00475nam a2200181Ia 4500
008 230524s9999 xx 000 0 und d
020 _a9788126512805
082 _a654.109
_bFIT
100 _aPeter Fitzroy
245 0 _aStrategic Management : Creating Value in a Turbulent World
250 _aIST
260 _aNEW DELHI
_bJohn Wiley
_c2006
300 _aXVI;387
500 _aQuantity Number: 2
650 _aManagement
700 _a James M.Herbert
942 _cBK
999 _c46878
_d46878